Central Library OPAC University of Rajshahi

Biology / (Record no. 70949)

MARC details
000 -LEADER
fixed length control field 00637nam a2200241 a 4500
001 - CONTROL NUMBER
control field 70949
003 - CONTROL NUMBER IDENTIFIER
rucl marc code BD-RjUL
005 - DATE AND TIME OF LATEST TRANSACTION
control field 20211209082046.0
008 - FIXED-LENGTH DATA ELEMENTS--GENERAL INFORMATION
fixed length control field 170423s1962 paua 001 0 eng
035 ## - SYSTEM CONTROL NUMBER
System control number (BD-RjUL)71163
040 ## - CATALOGING SOURCE
Original cataloging agency DLC
Transcribing agency DLC
Modifying agency BD-RjUL
Language of cataloging eng
041 ## - LANGUAGE CODE
Language code of text/sound track or separate title eng
082 ## - DEWEY DECIMAL CLASSIFICATION NUMBER
Classification number 570
Edition number 23
Author mark and year VIB 1962
100 1# - MAIN ENTRY--PERSONAL NAME
Personal name Villee, Claude Alvin,
Dates associated with a name 1917-
9 (RLIN) 209956
245 00 - TITLE STATEMENT
Title Biology /
Statement of responsibility, etc. Claude A. Villee
250 ## - EDITION STATEMENT
Edition statement 4th ed.
260 ## - PUBLICATION, DISTRIBUTION, ETC. (IMPRINT)
Place of publication, distribution, etc. Philadelphia :
Name of publisher, distributor, etc. Saunders,
Date of publication, distribution, etc. c1962.
300 ## - PHYSICAL DESCRIPTION
Pagination xxii, 625 p. :
Illustrations ill. ;
Size 27 cm.
500 ## - GENERAL NOTE
General note Includes index
650 #0 - SUBJECT ADDED ENTRY--TOPICAL TERM
Topical term or geographic name as entry element Biology.
9 (RLIN) 209957
942 ## - ADDED ENTRY ELEMENTS (KOHA)
Source of classification or shelving scheme Dewey Decimal Classification
Koha item type Books
Holdings
Lost status Source of classification or shelving scheme Damaged status Not for loan Collection code Permanent Location Current Location Shelving location Date acquired Source of acquisition Cost, normal purchase price Total Checkouts Full call number Date last seen Copy number Koha item type
  Dewey Decimal Classification   Not For Loan Non-fiction Central Library, University of Rajshahi Central Library, University of Rajshahi Reading Room 16/06/1983 Asia Foundation 0.00   570 VIB 1962 23/04/2017 C-1 Books